00660nam a2200193 a 450000100100000000500170001000800410002702000250006804000250009308200150011810000250013324501260015826000480028430000240033249000100035670000360036671000540040283000100045600004695120201002053233.0091120s2013 dr a r 001 0 spa d z9789945461923 (v. 1) aDO-SdBNPbspacBNPHU axxxxbxxxx1 aOliveros, Verónica10aCaligrafía 3 :bnivel inicial -5 años de edad /cVerónica Oliveros, actualizada por María del Jesús de la Rosa. aSanto Domingo :bActualidad escolar,c2013. av. :bil. ;c22 cm.1 aVeraz1 aJesús de la Rosa, María del2 aActualidad escolar 2000, (República Dominicana) 0aVeraz